000 00608nam a22002051a 4500
001 1218
003 OSt
005 20260204211726.0
008 040117s1997||||mx ||||||b||||||||||spa||
020 _a9701017757
050 _a658.8 N441n
082 _a658.8 N441n
100 _aNewell, Frederick
245 _aLas nuevas reglas del marketing: use el marketing de relaciones personales y será el líder de su industría / Frederick Newell
264 _aMéxico : McGraw-Hill
300 _a315 p.
500 _aIncluye indice
650 _a1.Administración de Marketing 2.MarketingÌ
942 _2ddc
_cBK
999 _c1218
_d1218